00337nam a22001337a 4500003000400000005001700004008004100021020001500062040000700077082002100084100003100105245005200136300001500188OSt20220324111426.0220324b |||||||| |||| 00| 0 eng d a0333448138 cHU a634.772 MON 1987 aTezenas du Montcel, Hugues aPlantain bananas (The Tropical Agriculturalist) a106pc23cm